000 00220nam a22000857a 4500
008 170124b xxu||||| |||| 00| 0 eng d
100 _92542
_aBhatia.R.
245 _aA.P. Social Science-10
260 _aNew Delhi
_bMacmillan
_c2011
999 _c5631
_d5631